[Event "Dortmund"]
[Site "Dortmund"]
[Date "1975.??.??"]
[Round "4"]
[White "Savon, Vladimir A"]
[Black "Kupreichik, Viktor D"]
[Result "1/2-1/2"]
[WhiteElo "2575"]
[BlackElo "2460"]

1.e4 e5 2.Nf3 Nc6 3.Bb5 a6 4.Ba4 Nf6 5.O-O Be7 6.Bxc6 dxc6 7.d3 Nd7 8.Nbd2 O-O
9.Nc4 f6 10.Nh4 Nc5 11.Nf5 Bxf5 12.exf5 Qd7 13.Qf3 Qd5 14.Qe2 Qd7 15.Qf3 Qd5
16.Qe2  1/2-1/2

[Event "Dortmund"]
[Site "Dortmund"]
[Date "1975.??.??"]
[Round "7"]
[White "Ogaard, Leif"]
[Black "Ornstein, Axel"]
[Result "1-0"]
[WhiteElo "2460"]
[BlackElo "2430"]

1.c4 c5 2.Nf3 b6 3.d4 cxd4 4.Nxd4 Bb7 5.Nc3 Nf6 6.f3 e6 7.e4 d6 8.Be3 Be7
9.Be2 a6 10.O-O O-O 11.Qd2 Nbd7 12.Rfd1 Rc8 13.Rac1 Re8 14.Bf1 Bf8 15.Bf2 Ne5
16.b3 Ng6 17.Nde2 Qc7 18.Na4 Nd7 19.Nec3 Ba8 20.Bg3 Nge5 21.f4 Ng6 22.e5 Red8
23.exd6 Qc6 24.b4 Nf6 25.c5 bxc5 26.bxc5 h5 27.Bf2 h4 28.Nb6 Bb7 29.Nxc8 Rxc8
30.Rb1 Nd7 31.Qd4 Ba8 32.Qa4 Nxc5 33.Qxc6 Rxc6 34.Bxc5  1-0